Skład Bayeru Leverkusen w Bundeslidze 2024/25 - Statystyki

Ogólne statystyki
  • Ten quiz został rozwiązany 22 razy
  • Średni wynik to 13 z 25
Statystyki odpowiedzi
Numer Zawodnik % Poprawnych
10 Florian Wirtz
100%
1 Lukáš Hrádecky
100%
30 Jeremie Frimpong
88%
4 Jonathan Tah
88%
34 Granit Xhaka
82%
8 Robert Andrich
76%
22 Victor Boniface
76%
20 Álex Grimaldo
71%
3 Piero Hincapié
71%
12 Edmond Tapsoba
65%
7 Jonas Hofmann
59%
21 Amine Adli
53%
32 Exequiel Palacios
53%
14 Patrik Shick
53%
24 Aleix Garcia
47%
17 Matêj Kovár
47%
11 Martin Terrier
41%
44 Jeanuel Belocian
35%
6 Odilon Kossounou
29%
13 Arthur
24%
36 Niklas Lomb
18%
47 Ayman Aourir
6%
- Matija Marsenić
0%
19 Nathan Telia
0%
- Sadik Fofana
0%
Nie znaleziono quizów pasujących do podanych kryteriów
Rozkład punktacji
Procent ludzi z każdym wynikiem
Percentyl według liczby udzielonych odpowiedzi
Twoja historia wyników
Nie rozwiązałeś tego quizu